The simple art of murder
Сохранить в:
| Главный автор: | |
|---|---|
| Формат: | |
| Язык: | английский |
| Опубликовано: |
Nueva York
Pocket Books
1953
|
| Серии: | Pocket Book, 916
|
| Предметы: | |
| Метки: |
Добавить метку
Нет меток, Требуется 1-ая метка записи!
|
MARC
| LEADER | 00000nam a2200000 a 4500 | ||
|---|---|---|---|
| 001 | UCZ8423 | ||
| 003 | CL-VaPUC | ||
| 008 | 960121e19530100US |||||||||||||||||eng|d | ||
| 082 | 0 | 4 | |a 813 |b CHA |2 21 |
| 100 | 0 | |a Chandler, Raymond |e author |9 353710 | |
| 245 | 1 | 4 | |a The simple art of murder |
| 300 | |a 194 p | ||
| 942 | |c BK | ||
| 945 | |d 19960121 00:00:00 |a cmena | ||
| 260 | |a Nueva York |b Pocket Books |c 1953 | ||
| 650 | 0 | |a Literatura estadounidense |9 317168 | |
| 650 | 0 | |a Novelas estadounidenses |9 265217 | |
| 583 | |a last modification |c 19960121 00:00:00 |k Rodrigo Vera | ||
| 490 | 0 | |a Pocket Book, 916 | |
| 999 | |c 244342 |d 244340 | ||
| 952 | |0 0 |1 0 |4 0 |6 813_000000000000000_CHA_1953 |7 0 |8 P |9 258353 |a BIBEDU |b BIBEDU |c BIBEDU_PB |d 2019-11-19 |i 1618903 |o 813 CHA 1953 |p 1618903 |r 2024-01-25 |w 2019-11-19 |y BK |k FIL | ||